000 00638nam a2200241 a 4500
001 nice12345678
003 IN_TiNIC
005 20260116012019.0
008 050524s1977 laha grp 000 0 eng
020 _a
_c4.5
082 0 0 _a181.07
_bAHM1
100 _aAhmed, Muhammad Aziz
245 _aIqbal and the Recent Exposition of Islamic Political Thought
260 _aLahore
_bSh. Muhammad Ashraf
_c1977
300 _a64p
500 _aincludes index and biblioraphy
505 2 _abibl, Ref. Index
650 _aPhilosophy-Islamic-Iqbal
700 1 _aAhmed, Muhammad Aziz
902 _bSRS
942 _cBK
999 _c5290
_d5290